000 00950cam a2200289 4500
001 13157
003 BD-RjUL
005 20211208235420.0
008 140130s1971 nyu b 001 0 eng d
020 _a0826111319
035 _a(BD-RjUL)13208
040 _aDLC
_cDLC
_dDLC
_d(BD-RjUL)
_beng
041 _aeng
082 0 0 _a610.7308
_bBUN 1971
100 1 _aBullough, Bonnie,
_940974
245 1 0 _aNew directions for nurses /
_cBonnie Bullough [and] Vern Bullough, editors.
260 _aNew York :
_bSpringer Pub. Co.,
_cc1971
300 _ax, 355 p. ;
_c21 cm.
500 _aContinues the compilers' Issues in nursing.
500 _aContinued by Expanding horizons for nurses, edited by Bonnie Bullough and Vern Bullough.
504 _aIncludes bibliographical references and Index
650 0 _aNursing.
_940975
700 1 _aBullough, Vern L.,
_ejoint comp.
_940976
942 _2ddc
_cBK
999 _c13157
_d13157